| 000 | 00876nam a2200265Ia 4500 | ||
|---|---|---|---|
| 003 | OSt | ||
| 005 | 20221005092336.0 | ||
| 006 | a|||||r|||| 00| 0 | ||
| 007 | ta | ||
| 008 | 221004b |||||||| |||| 00| 0 eng d | ||
| 020 |
_a9780415963510 (hbk) _c5077.14 |
||
| 024 | _a98038 | ||
| 037 |
_b8930, 29/10/2009, Elite Publishers Distributors _cTextual |
||
| 040 |
_aCRL _cCRL _beng |
||
| 041 |
_2eng _aeng |
||
| 082 | _aY7:1.6, Q0(906) | ||
| 100 |
_aOumarou Maiga Hassimi _9617174 |
||
| 245 | 0 |
_aBalancing written history with oral tradition _b The legacy of the songhoy people |
|
| 260 |
_aNew York _bRoutledge USA _c2009 |
||
| 300 |
_axxiii,206p. _ccm. |
||
| 490 | _aAfrican studies | ||
| 650 | _aSOCIOLOGY | ||
| 942 |
_hY7:1.6, Q0(906) _cTEXL _2cc |
||
| 999 |
_c998692 _d998692 |
||